Ιστορία των κρατών της χερσονήσου του Αίμου 1908-1914
Saved in:
| Main Author: | |
|---|---|
| Format: | Book |
| Language: | Greek |
| Published: |
Αθήνα :
Οργανισμός Εκδόσεων Σχολικών Βιβλίων,
1954
|
| Subjects: | |
| Tags: |
Add Tag
No Tags, Be the first to tag this record!
|
MARC
| LEADER | 00000cam a2200000 i 4500 | ||
|---|---|---|---|
| 001 | 1/98112 | ||
| 008 | 950303s1954 gr | ||| |||| ||gre|| | ||
| 035 | |l 10010813 | ||
| 040 | |a GR-MY-UA |b gre |e aacr | ||
| 041 | 0 | |a gre | |
| 082 | 0 | |a 949.6 |2 (22) | |
| 100 | 1 | |a Βλάχος, Νικόλαος Β., |d 1893-1956. | |
| 245 | 1 | 0 | |a Ιστορία των κρατών της χερσονήσου του Αίμου 1908-1914 / |c Νικόλαος Β. Βλάχος |
| 260 | |a Αθήνα : |b Οργανισμός Εκδόσεων Σχολικών Βιβλίων, |c 1954 | ||
| 300 | |a ...τ.; |c 25 εκ. | ||
| 300 | |a χάρτες; | ||
| 651 | 0 | |a Balkan Peninsula |x History. | |
| 651 | 0 | |a Balkan Peninsula |x Politics and government. | |
| 852 | |a INST |b LESVOS |e 19950303 |h 949.6 ΒΛΑ |p 005100002615 |q 005100002615 |t BK |y 0 |z ??? | ||
| 852 | |a INST |b LESVOS |e 19950303 |h 949.6 ΒΛΑ |p 005100002615 |q 005100002615 |t BK |v τ.1: |y 0 |z ??? | ||
| 852 | |a INST |b RHODES |c AKA |e 20081215 |h 949.6 ΒΛΑ |p 005400028463 |q 005400028463 |t BK |v τ.1: |y 0 |z τ.1 | ||
| 852 | |a INST |b RHODES |c AKA |e 20120522 |h 949.6 ΒΛΑ |p 005400032183 |q 005400032183 |t BK |v τ.1: |y 0 |z τ.1 | ||
| 853 | |a INST |b LESVOS |h 949.6 ΒΛΑ | ||
| 853 | |a INST |b RHODES |c AKA |h 949.6 ΒΛΑ | ||
| 901 | |a BIBL4-2008-3 | ||
| 901 | |a BIBL4-2012-2 | ||
| 909 | |a Λ |b 019744 | ||
| 909 | |a Ρ |b 152902 | ||
| 909 | |a Ρ |b 157211 | ||